000 01280cam a2200241 4500
008 030206n2003 000 0 eng u
035 _a(Sirsi) u121256
245 _aHousing for sustainable communities
260 _c2003
490 _aODPM News Release
_v(016) 5 February 2003, (3)
520 _aJohn Prescott launches a £22m campaign to drive forward thriving and sustainable communities. In the next three years £5bn will be included for more affordable housing including £1bn for homes for key workers, £500m for deserted and rundown housing areas in the north and Midlands and £201m for improving the local environment. In addition, the Housing Corporation will lead a task force to review home ownership programmes. For the ODPM press release: http://www.gnn.gov.uk/gnn/national.nsf/Daily+News/8F7DE9E2FB1ABBFB80256CC40051C95C?opendocument For the Sustainable Communities: building for the future: http://www.odpm.gov.uk/communities/plan/index.htm
590 _aWB
650 _aHOUSING
650 _aAffordable housing
_96215
650 _aCOMMUNITIES
650 _aSUSTAINABLE COMMUNITIES
650 _aDEPRIVATION
650 _aPLANNING SYSTEM
650 _aCOUNCIL HOUSING
650 _aGREEN SPACES
690 _aHOUSING-INVESTMENT
942 _n0
999 _c72067
_d72067